Learning Resource and Development

Dear John / (Record no. 28783)

MARC details
000 -LEADER
fixed length control field 01180nam a2200277 i 4500
003 - CONTROL NUMBER IDENTIFIER
control field CSPC
005 - DATE AND TIME OF LATEST TRANSACTION
control field 20250210144715.0
008 - FIXED-LENGTH DATA ELEMENTS--GENERAL INFORMATION
fixed length control field 250207s2006 nyu 000 0 eng d
020 ## - INTERNATIONAL STANDARD BOOK NUMBER
International Standard Book Number 9780446567336
040 ## - CATALOGING SOURCE
Transcribing agency CSPC
Original cataloging agency CSPC
Language of cataloging eng
Description conventions rda
050 ## - LIBRARY OF CONGRESS CALL NUMBER
Classification number PS3569.P363
Item number D43 2006
100 1# - MAIN ENTRY--PERSONAL NAME
Personal name Sparks, Nicholas,
Relator term author.
245 10 - TITLE STATEMENT
Title Dear John /
Statement of responsibility, etc. Nicholas Sparks.
264 #1 - PRODUCTION, PUBLICATION, DISTRIBUTION, MANUFACTURE, AND COPYRIGHT NOTICE
Place of production, publication, distribution, manufacture New York :
Name of producer, publisher, distributor, manufacturer Grand Central Publishing,
Date of production, publication, distribution, manufacture, or copyright notice 2006.
300 ## - PHYSICAL DESCRIPTION
Extent 335 pages ;
Dimensions 17 cm.
336 ## - CONTENT TYPE
Content type term text
Source rdacontent
337 ## - MEDIA TYPE
Media type term unmediated
Source rdamedia
338 ## - CARRIER TYPE
Carrier type term volume
Source rdacarrier
520 ## - SUMMARY, ETC.
Summary, etc. John, a high school dropout, enlists in the Army not knowing what else to do with his life. While in the Army he meets Savannah, they fall in love and she awaits his return from the Army. After 9/11 John feels it's his duty to re-enlist. During their long separation Savannah falls in love and marries someone else.
650 #4 - SUBJECT ADDED ENTRY--TOPICAL TERM
Topical term or geographic name entry element Soldiers
Form subdivision Fiction.
650 ## - SUBJECT ADDED ENTRY--TOPICAL TERM
Topical term or geographic name entry element Long-distance relationships
Form subdivision Fiction.
655 ## - INDEX TERM--GENRE/FORM
Genre/form data or focus term Romance fiction.
655 ## - INDEX TERM--GENRE/FORM
Genre/form data or focus term Love stories.
942 ## - ADDED ENTRY ELEMENTS (KOHA)
Source of classification or shelving scheme Dewey Decimal Classification
Suppress in OPAC No
Koha item type Books
Classification part 813.54
Call number prefix FIC
Call number suffix 2006
Holdings
Withdrawn status Lost status Source of classification or shelving scheme Damaged status Not for loan Home library Current library Shelving location Date acquired Total Checkouts Full call number Barcode Date last seen Date last checked out Copy number Price effective from Koha item type
    Dewey Decimal Classification     Main Library Main Library Fiction Section 02/07/2025 1 FIC Sp263d 2006 028934 09/16/2025 08/15/2025 1-1 02/07/2025 Books